[Event "Regionalliga NW 1516"]
[Site "Bayern"]
[Date "2016.01.17"]
[Round "5.4"]
[White "Bodenschatz, Josef"]
[Black "Schindler, Viktor"]
[Result "0-1"]
[WhiteElo "1844"]
[BlackElo "2141"]
[PlyCount "40"]
[EventDate "2015.10.11"]
[EventType "team-tourn"]
[EventRounds "9"]
[EventCountry "GER"]
[SourceTitle "EXT 2018"]
[Source "ChessBase"]
[SourceDate "2017.10.13"]
[SourceVersion "1"]
[SourceVersionDate "2017.10.13"]
[SourceQuality "1"]
[WhiteTeam "Kirchenlaibach"]
[BlackTeam "Hof PTSV"]
[WhiteTeamCountry "GER"]
[BlackTeamCountry "GER"]

1. f4 d5 2. Nf3 g6 3. e3 c5 4. Bb5+ Nc6 5. 0-0 Bg7 6. d3 Nf6 7. Ne5 Qb6 8. c4 0-0 9. Nc3 dxc4 10. Bxc6 bxc6 11. Na4 Qc7 12. Nxc5 cxd3 13. Qxd3 Qd6 14. Qc4 Ng4 15. Nf3 Rb8 16. h3 Nh6 17. Rb1 Qd5 18. Qc2 Qxa2 19. e4 Rb4 20. Qe2 Qxb1 0-1

[Event "Regionalliga NW 1213"]
[Site "Bayern"]
[Date "2013.04.14"]
[Round "9.6"]
[White "Sonnenberg, Christoph"]
[Black "Bodenschatz, Josef"]
[Result "1/2-1/2"]
[WhiteElo "1892"]
[BlackElo "1890"]
[PlyCount "89"]
[EventDate "2012.10.14"]
[EventType "team-tourn"]
[EventRounds "9"]
[EventCountry "GER"]
[SourceTitle "EXT 2015"]
[Source "ChessBase"]
[SourceDate "2014.11.20"]
[SourceVersion "1"]
[SourceVersionDate "2014.11.20"]
[SourceQuality "1"]
[WhiteTeam "Rottendorf"]
[BlackTeam "Kirchenlaibach"]
[WhiteTeamCountry "GER"]
[BlackTeamCountry "GER"]

1. c4 e5 2. Nc3 d6 3. g3 f5 4. Bg2 Nf6 5. e3 Be7 6. Nge2 c6 7. 0-0 Be6 8. b3 0-0 9. d4 Qc7 10. d5 Bf7 11. e4 fxe4 12. Nxe4 Nxe4 13. Bxe4 Nd7 14. dxc6 bxc6 15. Bb2 Rad8 16. Nc3 Nf6 17. Bg2 d5 18. cxd5 cxd5 19. Rc1 Qa5 20. Na4 Bd6 21. Qe2 Bh5 22. f3 d4 23. Qc4+ Bf7 24. Qd3 Nd5 25. f4 Ne3 26. fxe5 Bxe5 27. Rc5 Qb4 28. Rxe5 Nxf1 29. Bxf1 Kh8 30. a3 Qxb3 31. Qxb3 Bxb3 32. Nc5 Bc2 33. Ne6 d3 34. Bxd3 Bxd3 35. Nxd8 Rxd8 36. Re7 Bf5 37. Bxg7+ Kg8 38. Bh6 a6 39. Rg7+ Kh8 40. Rf7 Bg6 41. Ra7 Bd3 42. Kf2 Re8 43. Kf3 Kg8 44. Rg7+ Kh8 45. Rd7 1/2-1/2

[Event "Regionalliga NW 1213"]
[Site "Bayern"]
[Date "2013.03.17"]
[Round "8.8"]
[White "Bodenschatz, Josef"]
[Black "Lichtinger, Bernd"]
[Result "0-1"]
[WhiteElo "1890"]
[BlackElo "1951"]
[PlyCount "104"]
[EventDate "2012.10.14"]
[EventType "team-tourn"]
[EventRounds "9"]
[EventCountry "GER"]
[SourceTitle "EXT 2015"]
[Source "ChessBase"]
[SourceDate "2014.11.20"]
[SourceVersion "1"]
[SourceVersionDate "2014.11.20"]
[SourceQuality "1"]
[WhiteTeam "Kirchenlaibach"]
[BlackTeam "Marktleuthen"]
[WhiteTeamCountry "GER"]
[BlackTeamCountry "GER"]

1. f4 c5 2. e4 e6 3. Nf3 d5 4. exd5 exd5 5. Bb5+ Nd7 6. 0-0 Ngf6 7. Re1+ Be7 8. Qe2 Kf8 9. c3 a6 10. Ba4 c4 11. Kh1 Nc5 12. Bc2 Bg4 13. b4 Nce4 14. d3 cxd3 15. Bxd3 Qc7 16. Qc2 Rc8 17. Ne5 Be6 18. a3 Bd6 19. Bxe4 Nxe4 20. Be3 Bxe5 21. fxe5 Qxe5 22. Qe2 Qc7 23. Bd4 Qc4 24. Qxc4 Rxc4 25. Ra2 f5 26. g3 Kf7 27. Rae2 Rhc8 28. Kg2 g5 29. Kf3 h5 30. Re3 b5 31. Rf1 Kg6 32. Kg2 Bd7 33. Rfe1 f4 34. gxf4 gxf4 35. Rf3 Rf8 36. Ref1 Ng5 37. Rxf4 Bh3+ 38. Kg1 Bf5 39. Kg2 Be4+ 40. Rxe4 Rxf1 41. Kxf1 Nxe4 42. Ke2 Kf5 43. Ke3 Rc8 44. Kf3 Rg8 45. Bb6 Nd6 46. Bc7 Nc4 47. Bg3 Re8 48. Bf2 Re4 49. Bg3 h4 50. Bf2 Rf4+ 51. Ke2 Ke4 52. Ba7 Rg4 0-1

[Event "Amantea op-A 7th"]
[Site "Amantea"]
[Date "2009.09.06"]
[Round "8"]
[White "Garofalo, Massimo"]
[Black "Bodenschatz, Josef"]
[Result "0-1"]
[WhiteElo "1996"]
[BlackElo "2038"]
[PlyCount "62"]
[EventDate "2009.08.31"]
[EventType "swiss"]
[EventRounds "9"]
[EventCountry "ITA"]
[SourceTitle "CBM 132 Extra"]
[Source "ChessBase"]
[SourceDate "2009.11.03"]
[SourceVersion "1"]
[SourceVersionDate "2009.11.03"]
[SourceQuality "1"]

1. e4 c6 2. f3 e5 3. d4 Nf6 4. g3 exd4 5. Qxd4 d5 6. Nc3 Be6 7. Bh3 Na6 8. Bxe6 fxe6 9. Qe5 Qd6 10. Qxd6 Bxd6 11. Nge2 0-0 12. exd5 exd5 13. 0-0 Nb4 14. Nd4 Bc5 15. Be3 Bxd4 16. Bxd4 Nxc2 17. Bc5 Nxa1 18. Bxf8 Kxf8 19. Rxa1 Re8 20. Kf2 b6 21. Rd1 Ke7 22. Ke3 Kd6+ 23. Kd4 c5+ 24. Kd3 a6 25. a4 d4 26. Ne4+ Nxe4 27. fxe4 Rf8 28. Kc4 Rf3 29. Re1 Kc6 30. e5 b5+ 31. axb5+ axb5# 0-1

[Event "Amantea op-A 7th"]
[Site "Amantea"]
[Date "2009.09.05"]
[Round "7"]
[White "Bodenschatz, Josef"]
[Black "Astanovskaya, Yulia"]
[Result "0-1"]
[WhiteElo "2038"]
[BlackElo "1910"]
[PlyCount "72"]
[EventDate "2009.08.31"]
[EventType "swiss"]
[EventRounds "9"]
[EventCountry "ITA"]
[SourceTitle "CBM 132 Extra"]
[Source "ChessBase"]
[SourceDate "2009.11.03"]
[SourceVersion "1"]
[SourceVersionDate "2009.11.03"]
[SourceQuality "1"]

1. f4 d5 2. Nf3 c5 3. e3 Nc6 4. Bb5 Bg4 5. h3 Bxf3 6. Qxf3 e6 7. Bxc6+ bxc6 8. b3 Qh4+ 9. g3 Qf6 10. Nc3 Qg6 11. d3 Rc8 12. 0-0 Be7 13. e4 d4 14. Na4 Nf6 15. Ba3 Nd7 16. Kh2 h5 17. Rae1 Kd8 18. e5 Kc7 19. Re4 Qf5 20. Qe2 Rcg8 21. Qe1 Kb7 22. Rxd4 cxd4 23. Bxe7 Nb6 24. Nc5+ Ka8 25. Qf2 Nd5 26. Qxd4 Rb8 27. Ne4 Nxe7 28. Qc5 Rhe8 29. Nd6 Qg6 30. f5 exf5 31. Rf4 Qe6 32. Ra4 Qd7 33. Rd4 Qc7 34. a4 Red8 35. Nb5 Qb6 36. Qxe7 cxb5 0-1

[Event "Isola d'Elba op 26th"]
[Site "Isola d'Elba"]
[Date "2008.05.10"]
[Round "5"]
[White "Bodenschatz, Josef"]
[Black "Luciani, Carlo"]
[Result "1/2-1/2"]
[WhiteElo "2023"]
[BlackElo "2256"]
[PlyCount "59"]
[EventDate "2008.05.10"]
[EventType "swiss"]
[EventRounds "9"]
[EventCountry "ITA"]
[SourceTitle "CBM 124 Extra"]
[Source "ChessBase"]
[SourceDate "2008.07.03"]
[SourceVersion "1"]
[SourceVersionDate "2008.07.03"]
[SourceQuality "1"]

1. e4 e5 2. Bc4 Nc6 3. d3 Nf6 4. Nc3 Bc5 5. h3 a6 6. a3 h6 7. Nge2 d6 8. Ng3 Be6 9. Nd5 Bxd5 10. exd5 Ne7 11. Qf3 Qd7 12. Be3 Bxe3 13. fxe3 0-0 14. 0-0 c6 15. dxc6 bxc6 16. Nh5 Ned5 17. e4 Nxh5 18. exd5 Nf4 19. dxc6 Qd8 20. Kh2 Qb6 21. g3 Ne6 22. b4 Nd4 23. Qh5 Ra7 24. Rxf7 Rfxf7 25. Rf1 Qxc6 26. Rxf7 Rxf7 27. Qxf7+ Kh7 28. Qg8+ Kg6 29. Qf7+ Kh7 30. Qg8+ 1/2-1/2

[Event "Isola d'Elba op 26th"]
[Site "Isola d'Elba"]
[Date "2008.05.10"]
[Round "4"]
[White "Scipioni, Gaetano"]
[Black "Bodenschatz, Josef"]
[Result "1/2-1/2"]
[WhiteElo "2124"]
[BlackElo "2023"]
[PlyCount "149"]
[EventDate "2008.05.10"]
[EventType "swiss"]
[EventRounds "9"]
[EventCountry "ITA"]
[SourceTitle "CBM 124 Extra"]
[Source "ChessBase"]
[SourceDate "2008.07.03"]
[SourceVersion "1"]
[SourceVersionDate "2008.07.03"]
[SourceQuality "1"]

1. d4 c6 2. Nf3 d5 3. Bf4 Nf6 4. e3 Bf5 5. c3 Nbd7 6. h3 h6 7. Be2 Qb6 8. Qb3 e6 9. 0-0 Qxb3 10. axb3 c5 11. Na3 a6 12. Nb5 Rc8 13. Nd6+ Bxd6 14. Bxd6 Ne4 15. Bh2 Ke7 16. Rfd1 Nd6 17. dxc5 Nxc5 18. Nd4 Bg6 19. b4 Nd7 20. b5 e5 21. Nf3 Nxb5 22. Bxb5 axb5 23. Nxe5 Ra8 24. Nxg6+ fxg6 25. Kf1 Nf6 26. Be5 Ke6 27. Bd4 Ra6 28. Ra3 Rha8 29. Rda1 Kd6 30. Ke2 g5 31. g3 Ke6 32. Kd3 Kd6 33. Kc2 Kd7 34. Kb3 Kd6 35. Kb4 Kc6 36. Ra5 Ne8 37. R1a3 Rxa5 38. Rxa5 Rxa5 39. Kxa5 h5 40. g4 hxg4 41. hxg4 g6 42. b3 Nc7 43. Kb4 Ne6 44. Be5 Kb6 45. f4 Kc6 46. f5 gxf5 47. gxf5 Nf8 48. f6 g4 49. f7 Ne6 50. Ka3 Kd7 51. Kb4 Kc6 52. Bg3 Nf8 53. Bf4 Ne6 54. Be5 b6 55. Bg3 Nf8 56. Bf4 Ne6 57. Be5 Nf8 58. c4 bxc4 59. bxc4 Ne6 60. Kc3 dxc4 61. Kxc4 Kd7 62. Kb5 Ke7 63. f8Q+ Nxf8 64. Bg3 Ke6 65. Kxb6 Kd5 66. Kb5 Ne6 67. Kb4 Ke4 68. Kc3 Kxe3 69. Kc2 Kf3 70. Bh4 Ke2 71. Bg3 Kf3 72. Bh4 Nd4+ 73. Kd2 Kg2 74. Kd3 Nf3 75. Bd8 1/2-1/2

[Event "Oberfranken-ch M 0708"]
[Site "Schney"]
[Date "2008.01.04"]
[Round "4"]
[White "Bodenschatz, Josef"]
[Black "Neuberg, Hans Gerhard"]
[Result "1-0"]
[WhiteElo "2018"]
[BlackElo "2008"]
[PlyCount "105"]
[EventDate "2008.01.02"]
[EventType "swiss"]
[EventRounds "7"]
[EventCountry "GER"]
[SourceTitle "CBM 122 Extra"]
[Source "ChessBase"]
[SourceDate "2008.03.04"]
[SourceVersion "1"]
[SourceVersionDate "2008.03.04"]
[SourceQuality "1"]

1. f4 Nf6 2. Nf3 g6 3. g3 Bg7 4. Bg2 d6 5. d3 0-0 6. e4 Bg4 7. h3 Bxf3 8. Qxf3 Nc6 9. c3 e5 10. Be3 Re8 11. Nd2 d5 12. exd5 exf4 13. Qxf4 Nxd5 14. Bxd5 Qxd5 15. 0-0 Be5 16. Qf3 Qe6 17. Ne4 Bg7 18. Bf4 f5 19. Nc5 Qe7 20. d4 Nxd4 21. Qd5+ Ne6 22. Nxe6 Qxe6 23. Qxe6+ Rxe6 24. Bxc7 Re2 25. Rf2 Rae8 26. Rd1 Re1+ 27. Rxe1 Rxe1+ 28. Kg2 Bh6 29. Bf4 Bxf4 30. Rxf4 Re2+ 31. Rf2 Rxf2+ 32. Kxf2 Kf7 33. Ke3 g5 34. c4 Ke6 35. Kd4 h5 36. b4 Kd6 37. c5+ Kc6 38. a4 a6 39. Ke5 f4 40. gxf4 g4 41. hxg4 hxg4 42. Ke4 a5 43. bxa5 Kxc5 44. f5 g3 45. Kf3 Kd4 46. Kxg3 Ke5 47. Kg4 Kf6 48. Kf4 Kf7 49. Ke5 Ke7 50. f6+ Kf7 51. Kf5 Kf8 52. Ke6 Ke8 53. Kd6 1-0

[Event "Oberfranken-ch M 0708"]
[Site "Schney"]
[Date "2008.01.04"]
[Round "5"]
[White "Urytskyy, Michael"]
[Black "Bodenschatz, Josef"]
[Result "1/2-1/2"]
[WhiteElo "2099"]
[BlackElo "2018"]
[PlyCount "83"]
[EventDate "2008.01.02"]
[EventType "swiss"]
[EventRounds "7"]
[EventCountry "GER"]
[SourceTitle "CBM 122 Extra"]
[Source "ChessBase"]
[SourceDate "2008.03.04"]
[SourceVersion "1"]
[SourceVersionDate "2008.03.04"]
[SourceQuality "1"]

1. e4 c6 2. d4 d5 3. exd5 cxd5 4. c4 Nf6 5. Nc3 e6 6. Bg5 Bb4 7. a3 Bxc3+ 8. bxc3 Qa5 9. Qc2 Ne4 10. Bd2 Nxd2 11. Qxd2 Nd7 12. cxd5 Qxd5 13. c4 Qe4+ 14. Qe3 Nf6 15. Nf3 b6 16. Bd3 Qxe3+ 17. fxe3 Bb7 18. 0-0 0-0 19. a4 Be4 20. Be2 Nd7 21. Nd2 Bb7 22. Rfb1 f5 23. Bf3 Bxf3 24. Nxf3 Rfc8 25. Rc1 h6 26. Kf2 Kf7 27. Ke2 Kf6 28. a5 g5 29. Ne1 e5 30. Nd3 e4 31. Nb4 Ke6 32. Kd2 Nf6 33. Na6 Kd7 34. c5 Nd5 35. axb6 axb6 36. cxb6 Nxb6 37. Nc5+ Ke7 38. Rf1 Nc4+ 39. Ke2 Nd6 40. h4 Rcb8 41. Kf2 Rb2+ 42. Kg3 1/2-1/2

[Event "Oberfranken-ch M 0506"]
[Site "Schney"]
[Date "2006.01.03"]
[Round "4"]
[White "Bierhahn, Michael"]
[Black "Bodenschatz, Josef"]
[Result "0-1"]
[WhiteElo "2119"]
[BlackElo "2009"]
[PlyCount "60"]
[EventDate "2006.01.02"]
[EventType "swiss"]
[EventRounds "9"]
[EventCountry "GER"]
[SourceTitle "EXT 2015"]
[Source "ChessBase"]
[SourceDate "2014.11.20"]
[SourceVersion "1"]
[SourceVersionDate "2014.11.20"]
[SourceQuality "1"]

1. Nf3 f5 2. c3 Nf6 3. d4 g6 4. Bg5 Bg7 5. Qb3 d5 6. Nbd2 c6 7. Ne5 Nbd7 8. Bxf6 Bxf6 9. Ndf3 Qc7 10. Nxd7 Bxd7 11. e3 0-0-0 12. a4 g5 13. a5 g4 14. Nd2 e5 15. a6 b5 16. Qc2 f4 17. exf4 exf4 18. Bd3 Rde8+ 19. Kd1 Re7 20. Nb3 Kb8 21. Nc5 Bc8 22. Kc1 Rhe8 23. b4 f3 24. g3 Bg5+ 25. Kb1 Re2 26. Bxe2 Rxe2 27. Qd1 Bf5+ 28. Nd3 Rd2 29. Qxd2 Bxd2 30. Kc2 Qe7 0-1

[Event "Oberfranken-ch M 0506"]
[Site "Schney"]
[Date "2006.01.02"]
[Round "2"]
[White "Geisensetter, Franz"]
[Black "Bodenschatz, Josef"]
[Result "1/2-1/2"]
[WhiteElo "2017"]
[BlackElo "2009"]
[PlyCount "47"]
[EventDate "2006.01.02"]
[EventType "swiss"]
[EventRounds "9"]
[EventCountry "GER"]
[SourceTitle "EXT 2015"]
[Source "ChessBase"]
[SourceDate "2014.11.20"]
[SourceVersion "1"]
[SourceVersionDate "2014.11.20"]
[SourceQuality "1"]

1. e4 c6 2. d4 d5 3. e5 Bf5 4. c3 e6 5. Bd3 Bxd3 6. Qxd3 Nd7 7. Ne2 c5 8. 0-0 Qb6 9. a4 c4 10. Qc2 Ne7 11. Na3 a6 12. Be3 Nc6 13. f4 g6 14. Qd2 Na5 15. Nc1 Be7 16. Qf2 0-0-0 17. Qc2 Qc6 18. Nb1 Nb6 19. Bf2 Rd7 20. b4 cxb3 21. Nxb3 Nxb3 22. Qxb3 Nc4 23. Ra2 Rc7 24. Rc1 1/2-1/2

[Event "Gotha op 7th"]
[Site "Gotha"]
[Date "2005.11.14"]
[Round "2"]
[White "Stuemer, Paul"]
[Black "Bodenschatz, Josef"]
[Result "1-0"]
[WhiteElo "2178"]
[BlackElo "2049"]
[PlyCount "69"]
[EventDate "2005.11.14"]
[EventType "swiss"]
[EventRounds "9"]
[EventCountry "GER"]
[SourceTitle "CBM 109 Extra"]
[Source "ChessBase"]
[SourceDate "2006.01.03"]
[SourceVersion "2"]
[SourceVersionDate "2006.01.03"]
[SourceQuality "1"]

1. c4 e5 2. g3 c6 3. Bg2 f5 4. d4 e4 5. Nh3 Nf6 6. 0-0 d5 7. cxd5 cxd5 8. Bg5 Qb6 9. Nc3 Bd6 10. Bxf6 gxf6 11. Nxd5 Qxb2 12. Nxf6+ Kf7 13. Nd5 Nc6 14. e3 h5 15. f3 h4 16. Rf2 Qb5 17. g4 Qxd5 18. fxe4 Qa5 19. gxf5 Qc3 20. e5 Nxe5 21. dxe5 Qxe5 22. Bd5+ Kf6 23. Rb1 Rh7 24. Kh1 Rg7 25. Nf4 Rg5 26. e4 Bc5 27. Nh5+ Ke7 28. Qc1 Bxf2 29. Qxg5+ Kd6 30. Qd8+ Kc5 31. Qf8+ Kd4 32. Qb4+ Kd3 33. Qc4+ Kd2 34. Qc1+ Ke2 35. Qd1+ 1-0

[Event "Nittenau-ch 04th"]
[Site "Nittenau"]
[Date "2004.08.27"]
[Round "1"]
[White "Bodenschatz, Josef"]
[Black "Schweizer, Regina"]
[Result "1-0"]
[WhiteElo "1842"]
[BlackElo "1037"]
[PlyCount "59"]
[EventDate "2004.08.27"]
[EventType "swiss"]
[EventRounds "5"]
[EventCountry "GER"]
[SourceTitle "EXT 2022"]
[Source "ChessBase"]
[SourceDate "2021.10.06"]
[SourceVersion "1"]
[SourceVersionDate "2021.10.06"]
[SourceQuality "1"]

1. e4 c5 2. f4 d6 3. Nf3 e6 4. Be2 Nf6 5. d3 g6 6. 0-0 Bg7 7. c3 0-0 8. Kh1 Nc6 9. Be3 Qc7 10. Nbd2 Bd7 11. Qe1 Qd8 12. h3 Qe7 13. Qf2 Rfc8 14. g4 b5 15. e5 dxe5 16. Bxc5 Qd8 17. Nxe5 Qe8 18. Nxd7 Nxd7 19. Be3 Ne7 20. Bxa7 Rxa7 21. Qxa7 Nc5 22. d4 Nd7 23. Bxb5 Nc6 24. Qb7 Ncb8 25. a4 Qd8 26. Qf3 Nb6 27. a5 Nd5 28. a6 Nd7 29. f5 exf5 30. Qxd5 1-0

[Event "Hohenloher op 10th"]
[Site "Forchtenberg"]
[Date "2003.06.22"]
[Round "7"]
[White "Gabriel, Alexander"]
[Black "Bodenschatz, Josef"]
[Result "0-1"]
[WhiteElo "1397"]
[BlackElo "2058"]
[PlyCount "90"]
[EventDate "2003.06.19"]
[EventType "swiss"]
[EventRounds "7"]
[EventCountry "GER"]
[SourceTitle "EXT 2004"]
[Source "ChessBase"]
[SourceDate "2003.11.25"]
[SourceVersion "1"]
[SourceVersionDate "2003.11.25"]
[SourceQuality "1"]

1. c4 e5 2. g3 f5 3. Bg2 Nf6 4. b3 d6 5. Bb2 Be7 6. Nc3 c6 7. Nf3 0-0 8. 0-0 Na6 9. e3 e4 10. Ne1 d5 11. d4 dxc4 12. bxc4 Be6 13. Qe2 Qb6 14. c5 Qb4 15. a3 Qb3 16. Qc2 Nc7 17. Qxb3 Bxb3 18. f3 Ncd5 19. Nxd5 cxd5 20. Rf2 Ba4 21. Nc2 exf3 22. Bxf3 Ne4 23. Bxe4 fxe4 24. Raf1 Bg5 25. Bc1 Rxf2 26. Rxf2 Rf8 27. Nb4 Rxf2 28. Kxf2 Bb3 29. Bd2 Be7 30. Be1 Bc4 31. Nc2 Bb3 32. Na1 Ba4 33. Ke2 Kf7 34. Bc3 Ke6 35. Kd2 Bg5 36. Ke2 Kf5 37. Be1 Kg4 38. h4 Bd8 39. Kf2 Bd1 40. Kg2 g5 41. hxg5 Bxg5 42. Bf2 Bd8 43. Be1 Bc7 44. Kh2 h6 45. Kg2 h5 0-1

[Event "Hohenloher op 10th"]
[Site "Forchtenberg"]
[Date "2003.06.19"]
[Round "2"]
[White "Bodenschatz, Josef"]
[Black "Medunova, Vera"]
[Result "0-1"]
[WhiteElo "2058"]
[BlackElo "2180"]
[PlyCount "70"]
[EventDate "2003.06.19"]
[EventType "swiss"]
[EventRounds "7"]
[EventCountry "GER"]
[SourceTitle "EXT 2004"]
[Source "ChessBase"]
[SourceDate "2003.11.25"]
[SourceVersion "1"]
[SourceVersionDate "2003.11.25"]
[SourceQuality "1"]

1. f4 d5 2. Nf3 c5 3. e3 a6 4. b3 Nc6 5. Bb2 Bg4 6. Be2 Nf6 7. 0-0 e6 8. d3 Be7 9. Nbd2 0-0 10. Ne5 Bxe2 11. Qxe2 Rc8 12. Nxc6 Rxc6 13. e4 b5 14. a4 c4 15. Nf3 cxd3 16. cxd3 bxa4 17. bxa4 Qb6+ 18. Kh1 Rfc8 19. Nd4 R6c7 20. e5 Nd7 21. f5 Nxe5 22. Nxe6 Rc2 23. Qxe5 Qxb2 24. Qxb2 Rxb2 25. Nf4 d4 26. Rfc1 Rxc1+ 27. Rxc1 g6 28. Nd5 Bg5 29. Rc8+ Kg7 30. g3 gxf5 31. Ra8 Rb3 32. Rxa6 Rxd3 33. Rd6 Ra3 34. Nb4 d3 35. h4 d2 0-1